00317nam a2200121Ia 4500008004100000041000800041082001500049100002000064245004500084260002600129300003100155365000900186240624s9999 xx 000 0 und d aeng a005.54 GRA aGRAUER ROBERT T aMICROSOFT OFFICE EXCEL 2010 INTRODUCTORY c2011aLondonbPearson axxi, : 298 : p. : cm. ; 28 cb25